| 000 | 00827nam a22002297a 4500 | ||
|---|---|---|---|
| 005 | 20210921123200.0 | ||
| 008 | 210913b sp ||||| |||| 00| 0 spa d | ||
| 020 | _a9788490976883 | ||
| 050 | 0 | 4 |
_aHT151 _bP35 2019 |
| 110 | 2 | _aPaisaje Transversal (España) | |
| 245 | 1 | 0 |
_aEscuchar y transformar la ciudad _b : urbanismo colaborativo y participación ciudadana _c / Paisaje Transversal ; prólogo de Ramón López de Lucio |
| 250 | _a1a ed. | ||
| 260 |
_aMadrid : _bLos Libros de la Catarata, _c2019 |
||
| 300 |
_a143 p. : _bil. ; _c22 cm. |
||
| 504 | _aIncluye bibliografía | ||
| 650 | 7 |
_2lemb _aSociología urbana |
|
| 650 | 7 |
_2lemb _aUrbanismo _xParticipación ciudadana |
|
| 650 | 7 |
_2lemb _aUrbanismo _xAspectos sociales |
|
| 650 | 7 |
_2lemb _aUrbanismo |
|
| 700 | 1 |
_aLópez de Lucio, Ramón _eprologuista |
|
| 942 |
_2lcc _cLIB |
||
| 999 |
_c1721 _d1721 |
||